[Event "16th Africa-ch (w)"]
[Site "Giza EGY"]
[Date "2023.05.10"]
[Round "6.4"]
[White "Adel, Sara"]
[Black "Latreche, Sabrina"]
[Result "0-1"]
[WhiteElo "1739"]
[BlackElo "2036"]
[EventDate "2023.05.06"]
[PlyCount "70"]

1.e4 e5 2.Nf3 Nc6 3.Bc4 Bc5 4.c3 Nf6 5.d3 d6 6.O-O a6 7.a4 O-O 8.h3 Ba7 9.
Na3 d5 10.exd5 Nxd5 11.Nc2 h6 12.Re1 Be6 13.d4 exd4 14.Ncxd4 Nxd4 15.cxd4 
c6 16.Bd3 Qf6 17.Bb1 Bf5 18.Bxf5 Qxf5 19.Re5 Qf6 20.Qd3 Rfe8 21.Rf5 Qe6 
22.Ne5 f6 23.Bxh6 fxe5 24.Bxg7 e4 25.Qg3 Qxf5 26.Be5+ Kf7 27.Qg7+ Ke6 28.
Qxb7 Rec8 29.Rc1 Ne7 30.Qb3+ Kd7 31.g4 Qe6 32.Qb7+ Ke8 33.Re1 Qd7 34.Qb3 
Qd5 35.Qe3 Qxe5 0-1

[Event "16th Africa-ch (w)"]
[Site "Giza EGY"]
[Date "2023.05.10"]
[Round "6.5"]
[White "Caxita, Esperanca"]
[Black "Ndirangu, Joyce Nyaruai"]
[Result "1-0"]
[WhiteElo "1899"]
[BlackElo "1688"]
[EventDate "2023.05.06"]
[PlyCount "85"]

1.e4 c5 2.Nc3 g6 3.Nf3 Bg7 4.g3 Nc6 5.Bg2 Nf6 6.d3 d6 7.h3 Bd7 8.Be3 Rb8 
9.Qd2 b5 10.e5 dxe5 11.Bxc5 b4 12.Ne4 Qa5 13.Be3 Nxe4 14.dxe4 Rd8 15.Qd5 
Qc7 16.Qc5 O-O 17.O-O Qb7 18.Rfd1 Rc8 19.Rac1 Be6 20.a3 Nd4 21.Qxb4 Qxb4 
22.axb4 Ne2+ 23.Kh2 Nxc1 24.Rxc1 Rc7 25.c3 Bc4 26.Nd2 Bd3 27.Ra1 a6 28.Nb3
Ra8 29.Nc5 Bb5 30.b3 Bf8 31.c4 Be8 32.b5 e6 33.Nxa6 Rcc8 34.Rb1 Bd6 35.Bf1
Bxb5 36.cxb5 Rc2 37.b4 Kf8 38.b6 Ke7 39.b7 Rb8 40.Nxb8 Bxb8 41.Rd1 Rc7 42.
Bc5+ Kf6 43.Rd8 1-0

[Event "16th Africa-ch (w)"]
[Site "Giza EGY"]
[Date "2023.05.11"]
[Round "7.1"]
[White "February, Jesse Nikki"]
[Black "Nassr, Lina"]
[Result "0-1"]
[WhiteElo "1835"]
[BlackElo "2038"]
[EventDate "2023.05.06"]
[PlyCount "74"]

1.d4 d5 2.Nc3 e6 3.Bf4 Nf6 4.e3 a6 5.Qf3 Nbd7 6.g4 Bb4 7.Bd3 Nb6 8.g5 Ng8 
9.Qg3 Bd6 10.Nf3 Ne7 11.Ne5 Ng6 12.Ne2 Nxf4 13.Nxf4 Qe7 14.O-O f6 15.gxf6 
gxf6 16.Ng4 e5 17.Nh5 e4 18.Ngxf6+ Kd8 19.Qg2 exd3 20.cxd3 Qf7 21.e4 Qg6 
22.e5 Bh3 23.Qxg6 hxg6 24.Nf4 Bxf1 25.exd6 Bh3 26.Re1 Bf5 27.dxc7+ Kxc7 
28.N4xd5+ Nxd5 29.Nxd5+ Kd6 30.Nf4 Rhe8 31.Rd1 g5 32.Ng2 Re2 33.Ne3 Be6 
34.d5 Bxd5 35.Nf5+ Kd7 36.Kf1 Rxb2 37.Re1 Re8 0-1

[Event "16th Africa-ch (w)"]
[Site "Giza EGY"]
[Date "2023.05.11"]
[Round "7.2"]
[White "Khaled, Mona"]
[Black "Wafa, Shahenda"]
[Result "0-1"]
[WhiteElo "2105"]
[BlackElo "2101"]
[EventDate "2023.05.06"]
[PlyCount "132"]

1.c4 Nf6 2.Nc3 g6 3.d4 Bg7 4.Bf4 d6 5.e3 O-O 6.Be2 c5 7.d5 Qa5 8.Qd2 a6 9.
Nf3 b5 10.cxb5 axb5 11.Bxb5 Ne4 12.Nxe4 Qxb5 13.Nc3 Qc4 14.Ng1 g5 15.Bxg5 
Qg4 16.Nf3 f6 17.Bf4 Qxg2 18.O-O-O Qxf3 19.Rhg1 Qh5 20.Rg3 Bf5 21.e4 Bg6 
22.Qe3 f5 23.Rg5 Qh4 24.exf5 Rxf5 25.Rxf5 Bxf5 26.Rg1 Qf6 27.h4 Kf8 28.Bg5
Qe5 29.Bxe7+ Qxe7 30.Qxe7+ Kxe7 31.Rxg7+ Kf8 32.Rg5 Bd3 33.Kd2 c4 34.a3 
Nd7 35.Nb5 Ne5 36.Rg3 Ke7 37.Rg7+ Kf6 38.Rb7 Nf3+ 39.Ke3 Nxh4 40.Nxd6 Ke5 
41.Nb5 Rf8 42.d6 Nf5+ 43.Kd2 Nxd6 44.Nxd6 Rxf2+ 45.Ke3 Re2+ 46.Kf3 Kxd6 
47.Rb4 Re5 48.Rb8 Kc7 49.Rb4 Kc6 50.a4 Kc5 51.Rb8 Kd4 52.Rd8+ Rd5 53.Ra8 
Rf5+ 54.Kg3 Ke3 55.a5 Be4 56.Rc8 Kd4 57.a6 Ra5 58.Rd8+ Kc5 59.Kf4 Bg6 60.
Rc8+ Kb5 61.Ke5 Rxa6 62.Kd5 Bd3 63.Kd4 Rb6 64.b3 cxb3 65.Kxd3 Rd6+ 66.Kc3 
Rc6+ 0-1

[Event "16th Africa-ch (w)"]
[Site "Giza EGY"]
[Date "2023.05.11"]
[Round "7.3"]
[White "Abdi, Zineb Dina"]
[Black "Latreche, Sabrina"]
[Result "1/2-1/2"]
[WhiteElo "1855"]
[BlackElo "2036"]
[EventDate "2023.05.06"]
[PlyCount "48"]

1.e4 e5 2.Nf3 Nc6 3.Bc4 Bc5 4.Nc3 Nf6 5.d3 h6 6.O-O d6 7.h3 O-O 8.Be3 Bxe3
9.fxe3 Be6 10.Bxe6 fxe6 11.Nh2 Nh7 12.Rxf8+ Qxf8 13.Qf1 Qxf1+ 14.Rxf1 Rf8 
15.Rxf8+ Kxf8 16.a3 Nf6 17.Nf3 Ke7 18.Kf2 a6 19.Ke2 Nd7 20.Nd2 Nf6 21.Nf3 
Nd7 22.Nd2 Nf6 23.Nf3 Nd7 24.Nd2 Nf6 1/2-1/2

[Event "16th Africa-ch (w)"]
[Site "Giza EGY"]
[Date "2023.05.11"]
[Round "7.4"]
[White "Caxita, Esperanca"]
[Black "El-Ansary, Eman"]
[Result "1/2-1/2"]
[WhiteElo "1899"]
[BlackElo "1872"]
[EventDate "2023.05.06"]
[PlyCount "128"]

1.e4 Nf6 2.e5 Nd5 3.d4 d6 4.Nf3 dxe5 5.Nxe5 c6 6.Bc4 g6 7.O-O Bg7 8.c3 O-O
9.Nd2 Nd7 10.Ndf3 Nxe5 11.Nxe5 Be6 12.Bb3 c5 13.Re1 Qc7 14.c4 Nb4 15.Bf4 
Qb6 16.d5 Rad8 17.Qe2 Bf5 18.Qe3 f6 19.Nf3 Nd3 20.Re2 Nxf4 21.Qxf4 e5 22.
Qe3 Rfe8 23.Nd2 a6 24.h3 h5 25.Ba4 Re7 26.Nb3 Rc7 27.Rd1 Qb4 28.d6 Qxa4 
29.dxc7 Rxd1+ 30.Kh2 Qxc4 31.Qf3 Bc8 32.Nd2 Qf7 33.Qd3 Qxc7 34.Qb3+ Be6 
35.Qxd1 e4+ 36.Kg1 f5 37.Qc2 Qe7 38.b3 b5 39.Nf1 Bd4 40.Rd2 Qd6 41.Rd1 Qe5
42.Qe2 h4 43.Ne3 Kg7 44.Nc2 f4 45.Nxd4 cxd4 46.Qb2 Kf6 47.Qxd4 Qxd4 48.
Rxd4 Ke5 49.Rd1 e3 50.f3 a5 51.Kf1 a4 52.bxa4 bxa4 53.a3 Bb3 54.Rd8 g5 55.
Ke1 Bd5 56.Rb8 Bb3 57.Rb5+ Kf6 58.Rc5 Kg6 59.Ke2 Kf6 60.Kd3 Bd1 61.Rc1 Bb3
62.Ke2 Ke5 63.Rc5+ Kf6 64.Ke1 Kg6 1/2-1/2

[Event "16th Africa-ch (w)"]
[Site "Giza EGY"]
[Date "2023.05.11"]
[Round "7.5"]
[White "Paulo, Jemima"]
[Black "Allam, Yara"]
[Result "1-0"]
[WhiteElo "1862"]
[BlackElo "1881"]
[EventDate "2023.05.06"]
[PlyCount "97"]

1.d4 d5 2.Nf3 Nf6 3.g3 c6 4.Bg2 Bf5 5.O-O h6 6.b3 e6 7.Bb2 Be7 8.Nbd2 Nbd7
9.Ne1 O-O 10.f3 Bg6 11.e4 Qb6 12.Nd3 e5 13.c3 c5 14.c4 dxe4 15.fxe4 cxd4 
16.h3 Qc7 17.b4 a5 18.a3 b6 19.Rc1 Rfc8 20.Qb3 Qb7 21.Rce1 Ne8 22.Rf2 Qa7 
23.Nf3 f6 24.Qd1 Bf7 25.Nh4 Bxc4 26.Nf5 Bf8 27.Bf1 Bf7 28.Bc1 Kh7 29.Qd2 
Qc7 30.Qd1 Qc3 31.Qg4 Ra7 32.Bxh6 Qxa3 33.Bc1 Qb3 34.Qh4+ Kg8 35.g4 Rc2 
36.Rf3 Qe6 37.g5 a4 38.Rg3 fxg5 39.Bxg5 Ndf6 40.Nxe5 Nh5 41.Nxf7 Nxg3 42.
Qxg3 Qxf7 43.Bd3 Rc3 44.Bd2 Qc7 45.e5 a3 46.Bxc3 dxc3 47.Rf1 Qc6 48.Qh4 g6
49.Bc4+ 1-0

[Event "16th Africa-ch (w)"]
[Site "Giza EGY"]
[Date "2023.05.12"]
[Round "8.1"]
[White "Nassr, Lina"]
[Black "Caxita, Esperanca"]
[Result "1-0"]
[WhiteElo "2038"]
[BlackElo "1899"]
[EventDate "2023.05.06"]
[PlyCount "67"]

1.d4 Nf6 2.c4 e6 3.Nc3 d5 4.e3 c6 5.Nf3 Nbd7 6.Qc2 Bb4 7.Bd3 dxc4 8.Bxc4 
b5 9.Bd3 Bb7 10.O-O O-O 11.e4 g6 12.a3 Bxc3 13.Qxc3 Qb6 14.b4 a5 15.Bb2 
Rfe8 16.Bc2 Qc7 17.Ng5 h6 18.Nh3 axb4 19.axb4 Nb6 20.Rxa8 Bxa8 21.Bc1 Kg7 
22.Nf4 Qe7 23.Re1 Rd8 24.Rd1 Nc4 25.Bb2 Nxb2 26.Qxb2 Kh7 27.f3 Nd7 28.g3 
Nb6 29.Qc3 Nc4 30.Bb3 Nb6 31.Nd3 Bb7 32.Ne5 Ra8 33.Re1 Rc8 34.Nd3 1-0

[Event "16th Africa-ch (w)"]
[Site "Giza EGY"]
[Date "2023.05.12"]
[Round "8.2"]
[White "Wafa, Shahenda"]
[Black "February, Jesse Nikki"]
[Result "1-0"]
[WhiteElo "2101"]
[BlackElo "1835"]
[EventDate "2023.05.06"]
[PlyCount "119"]

1.e4 e6 2.d4 d5 3.e5 c5 4.c3 Ne7 5.Na3 Nec6 6.Nc2 b6 7.f4 Ba6 8.Bxa6 Nxa6 
9.Nf3 b5 10.O-O Qb6 11.Ng5 h6 12.Nf3 Be7 13.f5 O-O-O 14.fxe6 fxe6 15.Be3 
g5 16.a4 b4 17.cxb4 cxb4 18.Qd3 Na5 19.Nd2 Rd7 20.Rf7 b3 21.Na3 Bxa3 22.
Rxd7 Kxd7 23.Rxa3 Nb4 24.Qb5+ Ke7 25.Nxb3 Nc4 26.Qxb6 axb6 27.Bd2 Nc2 28.
Ra2 Rf8 29.h3 Nxd2 30.Nxd2 Nxd4 31.b4 Nc6 32.Nf3 Rf4 33.b5 Na5 34.Kf2 Nc4 
35.Ke2 Re4+ 36.Kd3 Kd7 37.Kc3 Kc7 38.Rf2 Ne3 39.Kb3 Nxg2 40.Nxg5 hxg5 41.
Rxg2 Rxe5 42.Rg4 Kd6 43.Rg3 Rf5 44.Rc3 d4 45.Rc6+ Kd5 46.Rxb6 Rf3+ 47.Kb4 
e5 48.Rb8 d3 49.Rd8+ Ke4 50.a5 Ke3 51.Kc3 Ke2 52.a6 e4 53.a7 d2+ 54.Kc4 
Ra3 55.b6 Rd3 56.a8=Q d1=Q 57.Qxe4+ Kf2 58.Qxd3 Qa4+ 59.Kc5 Qa5+ 60.Kc6 
1-0

[Event "16th Africa-ch (w)"]
[Site "Giza EGY"]
[Date "2023.05.12"]
[Round "8.3"]
[White "Khaled, Mona"]
[Black "Abdi, Zineb Dina"]
[Result "1-0"]
[WhiteElo "2105"]
[BlackElo "1855"]
[EventDate "2023.05.06"]
[PlyCount "71"]

1.d4 Nf6 2.Nf3 d5 3.e3 c5 4.c3 e6 5.Bd3 Nc6 6.Nbd2 Bd6 7.O-O O-O 8.Qe2 e5 
9.dxc5 Bxc5 10.e4 d4 11.Nb3 Qe7 12.cxd4 Nxd4 13.Nfxd4 Bxd4 14.Nxd4 exd4 
15.e5 Nd7 16.f4 Nc5 17.Bb1 Rd8 18.b4 d3 19.Qe3 Na6 20.a3 Bf5 21.Ra2 Nc7 
22.Rd2 a5 23.bxa5 Nd5 24.Qd4 Rxa5 25.Bxd3 Nxf4 26.Qb4 Qxb4 27.axb4 Rad5 
28.Bxf5 Rxd2 29.Bxd2 Ne2+ 30.Kf2 Rxd2 31.Ke3 Ra2 32.e6 Kf8 33.Bd3 Nc3 34.
Rxf7+ Ke8 35.Kd4 Ne2+ 36.Kc5 1-0

[Event "16th Africa-ch (w)"]
[Site "Giza EGY"]
[Date "2023.05.12"]
[Round "8.4"]
[White "Latreche, Sabrina"]
[Black "El-Ansary, Eman"]
[Result "1-0"]
[WhiteElo "2036"]
[BlackElo "1872"]
[EventDate "2023.05.06"]
[PlyCount "113"]

1.e4 Nf6 2.e5 Nd5 3.d4 d6 4.c4 Nb6 5.exd6 exd6 6.Nc3 Nc6 7.Be3 Be7 8.Bd3 
O-O 9.b3 Re8 10.Nf3 Bg4 11.O-O Bf6 12.Be2 d5 13.c5 Nc8 14.h3 Be6 15.Rc1 
N8e7 16.Bd3 h6 17.a3 Nf5 18.Bb1 Nfe7 19.b4 Bf5 20.Ba2 a6 21.Nh2 Be6 22.g4 
g5 23.Bb1 Ng6 24.Ne2 Bd7 25.Qd3 Qe7 26.Rcd1 Qf8 27.Qb3 Nce7 28.f4 gxf4 29.
Nxf4 Nxf4 30.Bxf4 Bb5 31.Rf2 Qg7 32.Nf3 Bc4 33.Qb2 Ng6 34.Bxc7 Re3 35.Bxg6
fxg6 36.Bf4 Re4 37.Be5 Rf8 38.Bxf6 Rxf6 39.Ne5 Rxf2 40.Qxf2 g5 41.Qf5 Rf4 
42.Qe6+ Kh7 43.Nxc4 dxc4 44.Qxc4 Qe7 45.Qd3+ Kg7 46.d5 Rf8 47.d6 Qe6 48.
Rf1 Rd8 49.Qf3 b6 50.cxb6 Rxd6 51.b7 Rb6 52.Qf8+ Kg6 53.b8=Q Rxb8 54.Qxb8 
Qe3+ 55.Rf2 Qe1+ 56.Kg2 Qe4+ 57.Kh2 1-0

[Event "16th Africa-ch (w)"]
[Site "Giza EGY"]
[Date "2023.05.12"]
[Round "8.5"]
[White "Romany, Joy"]
[Black "Paulo, Jemima"]
[Result "0-1"]
[WhiteElo "1736"]
[BlackElo "1862"]
[EventDate "2023.05.06"]
[PlyCount "90"]

1.d4 d5 2.c4 e6 3.g3 Nf6 4.Bg2 Be7 5.Nf3 O-O 6.O-O c6 7.Nbd2 b6 8.Qc2 Bb7 
9.e4 Na6 10.e5 Nd7 11.a3 c5 12.cxd5 Bxd5 13.dxc5 bxc5 14.Ne4 f5 15.exf6 
Nxf6 16.Nfg5 g6 17.Rd1 Qa5 18.Bf1 c4 19.Bd2 Qb6 20.Be3 Qc6 21.f3 Nd7 22.
Nh3 Ne5 23.Nf4 Bxe4 24.Qxe4 Qxe4 25.fxe4 Bc5 26.Bxc5 Nxc5 27.Bg2 Kf7 28.
Rf1 Ke7 29.Rad1 Rab8 30.Rb1 Na4 31.Rfe1 Rfd8 32.Re2 Rb3 33.Bh3 Nf3+ 34.Kh1
Rd2 35.Rxd2 Nxd2 36.Re1 Rxb2 37.Nxe6 c3 38.Nd4 Rb1 39.Rxb1 Nxb1 40.Bg4 
Nxa3 41.Bd1 Nb2 42.Bc2 Kd6 43.Bb3 Ke5 44.Nc2 Nxc2 45.Bxc2 Nc4 0-1

[Event "16th Africa-ch (w)"]
[Site "Giza EGY"]
[Date "2023.05.13"]
[Round "9.1"]
[White "Paulo, Jemima"]
[Black "Nassr, Lina"]
[Result "1/2-1/2"]
[WhiteElo "1862"]
[BlackElo "2038"]
[EventDate "2023.05.06"]
[PlyCount "33"]

1.c4 e6 2.Nf3 d5 3.d4 Nf6 4.g3 dxc4 5.Qc2 a6 6.Bg2 Nbd7 7.O-O Be7 8.Nbd2 
c5 9.Nxc4 O-O 10.Bf4 Nd5 11.Bd2 b6 12.Rae1 Bb7 13.Ra1 Bc8 14.Rae1 Bb7 15.
Ra1 Bc8 16.Rae1 Bb7 17.Ra1 1/2-1/2

[Event "16th Africa-ch (w)"]
[Site "Giza EGY"]
[Date "2023.05.13"]
[Round "9.2"]
[White "Latreche, Sabrina"]
[Black "Wafa, Shahenda"]
[Result "1-0"]
[WhiteElo "2036"]
[BlackElo "2101"]
[EventDate "2023.05.06"]
[PlyCount "135"]

1.e4 c5 2.Nf3 d6 3.d4 cxd4 4.Qxd4 Nc6 5.Qe3 Nf6 6.h3 g6 7.Be2 Bg7 8.O-O 
O-O 9.Rd1 Qc7 10.Nc3 a6 11.Qf4 b5 12.a3 Bb7 13.Qh4 Na5 14.Bh6 Nc4 15.Bxc4 
Qxc4 16.Rd4 Qc5 17.Rad1 Qh5 18.Qxh5 Nxh5 19.Bxg7 Kxg7 20.Nd2 Nf4 21.Nb3 
Rac8 22.R4d2 f5 23.Re1 fxe4 24.Nxe4 Rc4 25.f3 Bxe4 26.Rxe4 Rxe4 27.fxe4 
Rc8 28.Kf2 g5 29.Ke3 Ng6 30.Nd4 Ne5 31.b3 Rc3+ 32.Kf2 Kf6 33.Ne2 Rc7 34.
Ke3 g4 35.Nf4 Rc8 36.Rf2 gxh3 37.gxh3 Ng6 38.Nd3+ Kg7 39.Kd4 e6 40.e5 
dxe5+ 41.Nxe5 Rd8+ 42.Ke4 Rd5 43.Nd3 Rh5 44.Rf3 a5 45.b4 axb4 46.axb4 Rh4+
47.Ke3 e5 48.Rg3 Kf6 49.c3 Ne7 50.Kd2 Nf5 51.Rg8 Rxh3 52.Rf8+ Ke6 53.Nc5+ 
Kd5 54.Rxf5 Rh2+ 55.Kd3 Rh3+ 56.Kc2 Kc4 57.Ne4 Kd5 58.Nf2 Rg3 59.Kb3 Rg7 
60.Rh5 Kd6 61.Rh6+ Kd5 62.Rb6 h5 63.Rxb5+ Kd6 64.Rb6+ Kd5 65.Nd3 Rg5 66.
Nc5 h4 67.c4+ Kd4 68.Ne6+ 1-0

[Event "16th Africa-ch (w)"]
[Site "Giza EGY"]
[Date "2023.05.13"]
[Round "9.3"]
[White "Ndirangu, Joyce Nyaruai"]
[Black "Khaled, Mona"]
[Result "0-1"]
[WhiteElo "1688"]
[BlackElo "2105"]
[EventDate "2023.05.06"]
[PlyCount "54"]

1.d4 d5 2.Nf3 c5 3.c3 e6 4.Bf4 cxd4 5.Nxd4 Bd6 6.Bg3 Nc6 7.e3 e5 8.Nf3 
Nge7 9.Nbd2 O-O 10.Be2 Ng6 11.e4 d4 12.cxd4 exd4 13.O-O Bxg3 14.hxg3 d3 
15.Kh2 Bg4 16.Rh1 dxe2 17.Qxe2 Nge5 18.Qe3 Bxf3 19.gxf3 Qxd2 20.Kg2 Qxe3 
21.fxe3 Rad8 22.g4 Rd2+ 23.Kg3 Nc4 24.b3 Nxe3 25.Rae1 Nc2 26.Reg1 N6d4 27.
Rh5 Ne2+ 0-1

[Event "16th Africa-ch (w)"]
[Site "Giza EGY"]
[Date "2023.05.13"]
[Round "9.4"]
[White "February, Jesse Nikki"]
[Black "Caxita, Esperanca"]
[Result "1-0"]
[WhiteElo "1835"]
[BlackElo "1899"]
[EventDate "2023.05.06"]
[PlyCount "37"]

1.d4 Nf6 2.Nf3 d5 3.Bg5 Ne4 4.Bf4 Nd7 5.Nbd2 Ndf6 6.Ne5 c6 7.f3 Nxd2 8.
Qxd2 e6 9.g4 Qb6 10.O-O-O a5 11.g5 Nd7 12.e4 Nxe5 13.Bxe5 a4 14.a3 Qa5 15.
Qf4 b5 16.Bc7 Qa7 17.exd5 exd5 18.Re1+ Be7 19.Rxe7+ 1-0